Normal view
MARC view
- Supervisor: Dr. Mian Rehman Ud Din
Entry Personal Name
001 - CONTROL NUMBER
- control field: 120141
003 - CONTROL NUMBER IDENTIFIER
- control field: NUST
005 - DATE AND TIME OF LATEST TRANSACTION
- control field: 20240129153307.0
008 - FIXED-LENGTH DATA ELEMENTS
- fixed length control field: 240129|| aca||aabn | a|a d
040 ## - CATALOGING SOURCE
- Original cataloging agency: NUST
- Transcribing agency: NUST
100 ## - HEADING--PERSONAL NAME
- Personal name: Supervisor: Dr. Mian Rehman Ud Din
670 ## - SOURCE DATA FOUND
- Source citation: Work cat.: (NUST): Khan, Rimsha 120140, RELATIONSHIP ORIENTED SUPPLY CHAIN: INTERNATIONAL EVIDENCE/
